Prénoms garçons donnés en France 1900-2024 #2 - Statistiques

Statistiques générales
  • Ce quiz a été pris 451 fois
    450 depuis la dernière actualisation
  • Le résultat moyen est 61 sur 244
Statistiques - réponses
Hint Réponse % Correct
J Jean
83%
L Luc
81%
J Julien
79%
J Jules
76%
L Léo
74%
L Louis
73%
M Marc
73%
H Henri / Henry
72%
H Hugo
70%
J Jacques
69%
M Michel
69%
K Kevin
68%
L Lucas / Luca / Luka
67%
M Mathieu / Matthieu
66%
L Léon
64%
N Noé
62%
L Laurent
61%
M Max
61%
N Noa / Noah
61%
K Kylian / Kilian / Killian
60%
N Nathan
60%
M Mathéo / Mattéo / Matéo
59%
M Maxime
59%
N Nicolas
59%
L Lucien
58%
M Mathis / Mathys
58%
J Jeremy / Jeremie
57%
J Justin
54%
M Marcel
54%
J Jean Pierre
53%
H Hector
51%
J Jonathan
51%
J José
51%
M Martin
51%
M Maurice
51%
J Jérôme
50%
J Joey / Joé
50%
M Michaël / Mickaël / Mikaël
50%
J Joseph
49%
J Jean Paul
47%
M Mathias / Matthias / Mattias
47%
H Hugues
45%
K Ken
45%
J Jordan
44%
M Mahé / Maé
44%
H Hubert
43%
M Maxence
43%
M Milo
43%
M Malo
42%
M Mohamed
42%
N Naël / Nahël
42%
N Nino
42%
J Jean Louis
41%
J Jean Luc
41%
H Hervé
40%
J Joël
40%
L Liam / Lyam
40%
L Lilian
40%
M Maël
40%
J Jean Michel
39%
M Matt
39%
N Noël
39%
L Ludovic
38%
J Jean Marc
37%
J Julian / Juliann
37%
K Karim
37%
N Nolan / Nolann
37%
J Jean Claude
36%
J Jean Marie
35%
M Milan / Mylan / Milann
35%
N Noham / Noam
35%
J Jack
34%
L Léandre
34%
L Léonard
34%
L Loïc
34%
L Louka / Louca
34%
N Nathanael
34%
I Ilan / Illan
33%
H Harry
32%
I Isidore
32%
J Jean François
32%
J Jean Philippe
32%
J Johan / Joan / Joanne
32%
M Marin
32%
N Norbert
32%
I Ivan
31%
J Jim
31%
J Johnny
31%
K Kenzo
31%
L Loan / Lohan
31%
L Lorenzo
31%
M Marius
31%
J Jimmy
29%
L Lenny / Leny
29%
I Isaac / Izac
28%
I Ismaël
28%
J Jason
28%
M Mario
28%
M Maximilien
28%
J James
27%
J Jean Charles
27%
J Joris
27%
J Jonas
26%
L Loris
26%
J Joshua
25%
J Jean Baptiste
24%
M Marceau
24%
M Melvyn / Melvin
24%
I Ibrahim
23%
J Jean Yves
23%
L Lino
23%
M Marco
23%
H Hadrien
22%
J Jean Christophe
22%
K Kaïs
22%
L Léandro
22%
L Lionnel / Lionel
22%
L Livio
22%
L Logan
22%
M Morgan
22%
L Léopold
21%
J Joachim / Joaquim
20%
M Manuel
20%
J Jocelyn
19%
K Karl
19%
K Kenny / Keny
19%
M Mehdi
19%
N Nathaël
19%
N Néo
19%
H Honoré
18%
I Ilyes
18%
K Kim
18%
L Loup
18%
M Malone
18%
I Idris / Idris
17%
J Jean Noël
17%
J Jean René
17%
L Luis
17%
M Marcus
17%
I Ilyan
16%
L Loïs
16%
J Jean Pascal
15%
L Lisandro
15%
I Ian
14%
J Jacob
14%
J Jean Bernard
14%
J Jessy / Jessie
14%
K Kayden
14%
L Léonce
14%
M Marcelin / Marcellin
14%
M Martial
14%
M Marvin
14%
N Naïm
14%
N Nassim
14%
H Herman / Hermann
13%
J Jean Loup
13%
J Jude
13%
L Larry
13%
M Miguel
13%
J Jamel
12%
H Hakim
11%
J Jâd
11%
J Jamy
11%
J Jordy
11%
J Juan
11%
K Kader
11%
M Malik
11%
M Mika
11%
I Issa
10%
K Kâmil
10%
H Hayden
8%
I Ibrahima
8%
I Imrân
8%
J Jacquy
8%
J Jayden
8%
J Jerry
8%
K Kelyan
8%
L Louan
8%
M Marwan
8%
M Mattia
8%
M Merlin
8%
M Moïse
8%
H Hicham
7%
K Kléber
7%
L Lambert
7%
L Lamine
7%
L Lewis
7%
L Luciano
7%
M Mao
7%
N Nabil
7%
N Nordine
7%
I Israël
6%
L Ludwig
6%
M Mamadou
6%
M Marc Antoine
6%
H Hamza
5%
H Hyppolyte
5%
J Jarod
5%
L Lazar
5%
L Lenzo
5%
M Malcolm
5%
M Manoé
5%
M Moussa
5%
H Haroun
4%
H Hélias
4%
H Hélios
4%
J Javier
4%
J Jean Gabriel
4%
J Jolan
4%
L Leo Paul
4%
L Lilio
4%
M Mathurin
4%
M Melchior
4%
N Nathéo
4%
N Némo
4%
N Nills / Nils
4%
I Isaiah
3%
J Junior
3%
L Lounès
3%
H Haris
2%
I Iban
2%
J Jean Maurice
2%
J Jean Max
2%
L Leeroy / Liroy
2%
L Lévy
2%
L Lincoln
2%
M Mayeul
2%
M Maylone
2%
N Nélio
2%
H Hedy
1%
H Henrique
1%
H Henzo
1%
J Jean Manuel
1%
J Jeck
1%
J Josias
1%
K Kurtis
1%
L Levan
1%
L Lony / Lonny
1%
M Marley
1%
M Mathéïs
1%
K Kayron
0%
K Kenjy
0%
K Kingsley
0%
L Loyd
0%
Aucun quiz correspondant
Distribution des résultats
% des personnes avec chaque résultat
Percentile par nombre de réponses
Votre historique - résultats
Vous n’avez pas pris ce quiz depuis la dernière actualisation